Bhutan : (Record no. 160632)

MARC details
000 -LEADER
fixed length control field 00502nam a22001697a 4500
005 - DATE AND TIME OF LATEST TRANSACTION
control field 20190206165926.0
010 ## - LCCN (DPL NO)
LC control number A-463616
020 ## - INTERNATIONAL STANDARD BOOK NUMBER
International Standard Book Number 8185047820
035 ## - SYSTEM CONTROL NUMBER
System control number A-463616
037 ## - SOURCE OF ACQUISITION
Source of stock number/acquisition Reliance Publishing House
082 ## - DEWEY DECIMAL CLASSIFICATION NUMBER
Classification number 954.62
100 ## - MAIN ENTRY--PERSONAL NAME
Personal name Sinha, A.C.
245 ## - TITLE STATEMENT
Title Bhutan :
Remainder of title Ethnic identity and national dilemma /
Statement of responsibility, etc A.C. Sinha
260 ## - PUBLICATION, DISTRIBUTION, ETC. (IMPRINT)
Place of publication, distribution, etc New Delhi
Name of publisher, distributor, etc Reliance Publishing House
Date of publication, distribution, etc 1991
300 ## - PHYSICAL DESCRIPTION
Extent 258p. (it include index)
Dimensions 22cm(hbk)
942 ## - ADDED ENTRY ELEMENTS (KOHA)
Source of classification or shelving scheme Dewey Decimal Classification
Item type English Books
Classification part 954.62
Call number suffix SIN
Holdings
Withdrawn status Lost status Not for loan Collection code Home library Current library Date acquired Full call number Barcode Koha item type
      Non-fiction Sarojini Nagar Sarojini Nagar 06/02/2019 954.62 SIN A-463616 English Books

© Delhi Public Library
Hit Counter
free hit counter